00333 a2200109 450000100060000008200120000610000500001824500980006826000270016630000080019350000220020191952 aPR 1724 aSaleem Shabbir; Prof tif Bin Mansoor, Advisor aDevelopment of application specific IC for visual monitoring of driver's alertnessn64 'B" EC aRawalpindibNUSTc2008 a37p aBE Project Report